01468cam a2200229 a 450000500170000000800410001702000150005802000180007303500200009104000440011110000280015524500810018326000640026430000540032850502440038252005140062665000220114065000110116265000300117365000270120304100080123020170608111006.015 s2000 xxuag frb 000 0 eng d a0687074843 a9780687074846 a(OCoLC)44056741 aCo-BoUCMbspacSaul NiñodSaul Niño1 aWilletts, Sandrad1943-10aBeyond the downbeatbchoral rehearsal skills and techniquescSandra Willetts aNashville (Tennessee, Estados Unidos)bAbingdon Pressc2000 a106 páginasbilustraciones, música partituras0 aVocal/choral warm-ups -- Diction -- Singing in latin -- Intonation problems and solutions -- Count-singing -- Voicing your choir -- Seating formations -- Score study and score preparation -- Rehearsal planning -- Instrumental accompaniment aThis book helps choral directors make their choirs sound more artistically beautiful. It provides guidelines about the use of diction and related areas of vocal technique and improvement. It includes useful choral warm-up exercises and other practical helps for any choral group. Easy to read, understand, and apply, the material in Beyond the Downbeat covers many important aspects of choral leadership beyond conducting. The material is practical for choirs of any size and leaders at any level of training. 7aCoros (Música)  7aCanto  7aInterpretación musical  7aMúsica instrumental  aeng